000 00880nam a22002777a 4500
001 BR8502099
003 BR-BrBNA
005 20230928092141.0
007 ta
008 230509b bl.||||| |||| 00| 0 por d
040 _aBR-BrBNA
_bpor
_cBiblioteca Nacional de Agricultura
041 _a(Por)
072 _aJ11
_b1110
090 _ 1110 BR8502099
100 1 _aVieira, G.
110 1 _aUniversidade Federal de Vicosa, MG (Brasil)
_0Tese (Magister Scientiae)
245 1 _aInfluencia da temperatura e do tempo de armazenamento na conservacao de abacate (Persea americana Mill.)
260 3 _aVicosa, MG (Brasil):
_c1985.
300 _a41 p.
500 _a8 illus.; 5 tables; Bibliography p. 34-41 (70 ref.); Summary (Por)
650 _aABACATE
650 _aARMAZENAMENTO DE ALIMENTO
650 _aTEMPERATURA
909 _a202309
_bLucia
_c55
_dLucia Elande
942 _cBK
999 _c37397
_d37397